| 000 | 00819aam a2200289 i 4500 | ||
|---|---|---|---|
| 001 | 768714001 | ||
| 003 | CO-MdFUSB | ||
| 005 | 20250521090347.0 | ||
| 007 | ta | ||
| 008 | 250520t1982 -us||||| |||| 00| 0 eng d | ||
| 020 | _a0-8007-8448-0 | ||
| 040 | _cCO-MdFUSB | ||
| 041 | 0 | _aeng | |
| 082 | 0 | 4 |
_a248.4 _223 _bC6921g |
| 100 | 1 |
_aColeman, Roberto E. (Robert) _eautor |
|
| 245 | 1 | 0 |
_aGrowing in the word : _bBible lesson for Growing christians _c/ Robert E. Coleman |
| 264 | 1 |
_bFleming H. Revell, _aOld Tappan, New Jersey, USA : _c[1982] |
|
| 264 | 4 | _c©1982 | |
| 300 | _a266 páginas | ||
| 336 |
_atexto _btxt _2rdacontent |
||
| 337 |
_2rdamedia _asin mediación _bn |
||
| 338 |
_2rdacarrier _avolumen _bnc |
||
| 563 | _aRústico | ||
| 650 | 1 | 0 |
_aVida cristiana _919 |
| 942 | _cBK | ||
| 945 | _aElías Tolentino | ||
| 999 |
_c35752 _d35752 |
||